000 00394nam a22001457a 4500
003 OSt
020 _a9710821474
040 _c0
082 _222
_a621.4021
100 _aTodd, James P and ellis, Herbart B
245 _aAn introduction to thermodynamics for engineering technologista /
260 _bNew Delhi, National Book Store,
_cc 1981
300 _ax 469p, ;
_bNA
_c24 cm.
942 _2ddc
_cEE
999 _c4685
_d4685